000 00483nam a2200157 4500
001 109655
003 ES-MaACL
005 20230906184901.0
007 t|
008 061121s1959 sp r ||||1| spa d
100 1 _aOmaechevarría, Ignacio.
_987029
245 1 0 _aEuskera
_b: un poco de gramática y algo de morfología del verbo vasco /
_cIgnacio Omaechevarría.
260 _aZarauz :
_bIcharopena,
_c1959.
300 _a320 p. ;
_c21 cm.
852 _aES-MaACL
_jC-17547
_bR.45484
999 _c109655
_d109655